| 000 | 00538nam a22001697a 4500 | ||
|---|---|---|---|
| 003 | OSt | ||
| 005 | 20260305162029.0 | ||
| 008 | 260305b |||||||| |||| 00| 0 eng d | ||
| 040 | _cMRSPTU | ||
| 041 | _aEnglish | ||
| 100 | _aNavdeep Goel, Supervisor: Savina Bansal | ||
| 245 | _aPerformance Analysis of 4-Bit Cmos Adder Design Styles | ||
| 260 |
_bDepartment of ECE, MRSPTU, Bathinda _c2008 |
||
| 650 | _aElectronics & Communication Engineering | ||
| 856 | _uhttp://163.47.215.52:8080/jspui/handle/123456789/1145 | ||
| 942 |
_2ddc _cTH _n0 |
||
| 999 |
_c11075 _d11075 |
||